Movies Quiz

Random Movies or Clickable Quiz

Movies Missing Food Quiz Stats

 Plays Quiz Updated Oct 7, 2015

Challenge
Share
Tweet
Embed
Score 0/40 Timer 06:00
1 Play Today
% Correct
Chocolate
96.2%
Honey
95.9%
Rabbit
95%
Juice
94.9%
Meatballs
94%
Pie
93.9%
Peach
93.8%
Orange
91.9%
Tomatoes
89.6%
Fish
89.4%
Jam
89%
Grape
88.5%
Nacho
88.2%
Cake
88.1%
Bananas
87.6%
Corn
87.5%
Pineapple
87.4%
Grapes
87.3%
Biscuit
85.6%
Water
85.3%
% Correct
Ginger
85.1%
Bacon
84.4%
Soup
82.6%
Pork
82.2%
Spirits
82.2%
Cider
79.7%
Pizza
76.2%
Chicken
76.1%
Candy
75.8%
Cherry
74.3%
Raisin
74.1%
Lemon
73.3%
Wine
70.7%
Rum
67.1%
Tea
66.9%
Hamburger
65.4%
Chips
64.7%
Beer
64.1%
Milk
60.3%
Coffee
59.3%

You're not logged in!

Compare scores with friends on all Sporcle quizzes.
Join for Free
OR
Log In

You Might Also Like...

Show Comments

Extras

Top Quizzes Today


Score Distribution

Your Account Isn't Verified!

In order to create a playlist on Sporcle, you need to verify the email address you used during registration. Go to your Sporcle Settings to finish the process.

Report this User

Report this user for behavior that violates our Community Guidelines.

Details: